| 000 | 00740nam a22001937a 4500 | ||
|---|---|---|---|
| 005 | 20180621172401.0 | ||
| 010 | _aB-461748 | ||
| 020 |
_a9788190799485 _c305.00 |
||
| 035 | _aB-461748 | ||
| 037 | _bVirtuous Publications | ||
| 082 | _a000 | ||
| 100 | _aKant, Heera | ||
| 245 |
_aState Bank of India: _bClerical Entrance Exam Solved Practice Papers/ _cKant, Heera |
||
| 260 |
_aNew Delhi _bVirtuous Publications _c2010 |
||
| 270 |
_aA-8, Housiery Complex, Phase-II Extension Noida 201305, U.P.,INDIA _bNew Delhi _e 201305 |
||
| 300 |
_a371p. _c23cm(pb) |
||
| 942 |
_2ddc _cEN _h000 _mHEE |
||
| 999 |
_c152948 _d152948 |
||